000 00989nam a2200229 a 4500
001 000024321
005 20200930022916.0
008 110126s2007 dr r 000 0 spa d
040 _aDO-SdBNP
_bspa
_cBNPHU
082 _a341.481
_bJ93s
245 0 4 _aLos jueces de la Suprema Corte de Justicia comentando los derechos individuales y sociales /
_cpresentación Jorge A. Subero Isa.
260 _aSanto Domingo :
_bCorripio,
_c2007.
300 _a180 p. ;
_c21 cm.
504 _aIncluye referencias bibliográficas y notas al pie de páginas.
590 _aInventariado, 2018/BT
650 4 _aDerechos económicos y sociales
_xEnsayos, conferencias, etc.
_949897
650 4 _aDerechos civiles
_xEnsayos, conferencias, etc.
_949898
650 4 _aDerechos humanos
_xEnsayos, conferencias, etc.
_949899
650 4 _aPoder judicial
_zRepública Dominicana
_xEnsayos, conferencias, etc.
_946172
700 1 _aSubero Isa, Jorge A.,
_dpresent.
_949900
910 _aValidado. Control de calidad. EMS
999 _c23814
_d23814